| 000 -LEADER |
| fixed length control field |
00729cam a22002177a 4500 |
| 001 - CONTROL NUMBER |
| control field |
440 |
| 003 - CONTROL NUMBER IDENTIFIER |
| control field |
BD-DhUAP |
| 005 - DATE AND TIME OF LATEST TRANSACTION |
| control field |
20210120151320.0 |
| 008 - FIXED-LENGTH DATA ELEMENTS--GENERAL INFORMATION |
| fixed length control field |
200206s1995 ii b 000 0 eng d |
| 040 ## - CATALOGING SOURCE |
| Original cataloging agency |
HWE |
| Transcribing agency |
HWE |
| Modifying agency |
KIE |
| -- |
OCLCQ |
| -- |
BD-DhUAP |
| Language of cataloging |
Eng |
| 082 ## - DEWEY DECIMAL CLASSIFICATION NUMBER |
| Edition number |
23 |
| Classification number |
344.043 HIV |
| 245 00 - TITLE STATEMENT |
| Title |
HIV law, ethics and human rights : |
| Remainder of title |
text and materials / |
| Statement of responsibility, etc. |
edited by D. C. Jayasuriya. |
| 250 ## - EDITION STATEMENT |
| Edition statement |
1st ed. |
| 260 ## - PUBLICATION, DISTRIBUTION, ETC. |
| Place of publication, distribution, etc. |
New Delhi : |
| Name of publisher, distributor, etc. |
UNDP Regional Project on HIV and Development, |
| Date of publication, distribution, etc. |
c1995. |
| 300 ## - PHYSICAL DESCRIPTION |
| Extent |
420 pages ; |
| Dimensions |
22 cm. |
| 650 #0 - SUBJECT ADDED ENTRY--TOPICAL TERM |
| Topical term or geographic name entry element |
AIDS (Disease) |
| General subdivision |
Law and legislation. |
| 650 #0 - SUBJECT ADDED ENTRY--TOPICAL TERM |
| Topical term or geographic name entry element |
AIDS (Disease) |
| General subdivision |
Patients |
| -- |
Law and legislation. |
| 700 1# - ADDED ENTRY--PERSONAL NAME |
| Personal name |
Jayasuriya, D. C. |
| 710 2# - ADDED ENTRY--CORPORATE NAME |
| Corporate name or jurisdiction name as entry element |
United Nations Development Programme. |
| 942 ## - ADDED ENTRY ELEMENTS (KOHA) |
| Source of classification or shelving scheme |
|
| Koha item type |
Book |